000 00230nam a2200085Ia 4500
008 240331s9999 xx 000 0 und d
100 _aRajja Bhasha
245 0 _aWishwa patamala athrekaya :
_bcomposite glossary supplement
942 _cL
999 _c5403
_d5403